000 00598nam a2200217Ia 4500
005 20250508170114.0
008 008 250505s9999 xx 000 0 eng d
020 _a978-0-13-243849-0
037 _aReference
040 _aFEDL
_beng
_cFEDL
041 _aeng
_2eng
084 _a150.9, LEA/RR
_qFEDL
100 _aLeahey Thomas Hardy
245 0 _aHistory of psychology: From antiquity to modernity
250 _a7
260 _aLondon, UK
_bRoutledge
_c2016
300 _axv, 557p.
365 _aGBP
_b159.95
942 _cREF
_h150.9, LEA/RR
999 _c1399248
_d1399248